[Event "12. Longericher Sommer-Open A"]
[Site "Köln"]
[Date "2015.07.31"]
[Round "1.1"]
[White "Khanukov, Boris"]
[Black "Köllner, Christof"]
[Result "1-0"]
[WhiteElo "2322"]
[BlackElo "2011"]
[PlyCount "103"]
[EventDate "2015.??.??"]
[WhiteTeam "Bahn-SC Wuppertal"]
[BlackTeam "SV Bergneustadt/Derschlag"]

1. d4 d6 2. Nf3 Nf6 3. c4 Nbd7 4. Nc3 e5 5. e4 Be7 6. Be2 O-O 7. O-O c6 8. d5
a6 9. b4 cxd5 10. cxd5 b5 11. Be3 Nb6 12. Nd2 Bd7 13. Rc1 Qb8 14. h3 Ra7 15.
Nb3 Rc7 16. Na5 Rfc8 17. Qd2 Ne8 18. a3 g6 19. g4 Bf6 20. Kh2 Bg7 21. Rg1 Kh8
22. Bd3 Nf6 23. f3 Ng8 24. Ne2 h6 25. Rxc7 Rxc7 26. Rc1 Rxc1 27. Qxc1 Kh7 28.
Nc3 Ne7 29. Qg1 Nbc8 30. Na2 Qc7 31. Qf2 f5 32. Qd2 fxg4 33. hxg4 g5 34. a4 Nb6
35. axb5 Bxb5 36. Nc3 Nc4 37. Nxb5 axb5 38. Qc3 Ng6 39. Bxc4 bxc4 40. Qxc4 Qf7
41. Qf1 Nf4 42. b5 h5 43. b6 hxg4 44. fxg4 Qd7 45. b7 Qc7 46. Qb1 Qd7 47. Bxf4
exf4 48. e5+ Kh6 49. b8=Q Qxg4 50. Qxd6+ Kh5 51. Qh7+ Bh6 52. Qhxh6# 1-0

[Event "12. Longericher Sommer-Open A"]
[Site "Köln"]
[Date "2015.07.31"]
[Round "1.2"]
[White "Gutt, Oswald"]
[Black "Rotstein, Jefim"]
[Result "0-1"]
[WhiteElo "2008"]
[BlackElo "2320"]
[PlyCount "68"]
[EventDate "2015.??.??"]
[WhiteTeam "Bergische SF"]
[BlackTeam "SC Tornado Hochneukirch"]

1. e4 c5 2. Nf3 Nc6 3. d4 cxd4 4. Nxd4 Qb6 5. Nb3 Nf6 6. Nc3 e6 7. Be3 Qc7 8.
a3 a6 9. Be2 b5 10. O-O Bb7 11. f4 d6 12. Kh1 Be7 13. Bf3 O-O 14. Qe2 Rac8 15.
g4 b4 16. axb4 Nxb4 17. g5 Nxe4 18. Nxe4 Qxc2 19. Nd4 Qxe2 20. Nxe2 Nc2 21. Bd4
Nxa1 22. Rxa1 Rc2 23. N2g3 Rfc8 24. Re1 R8c4 25. Bg1 Rxb2 26. f5 d5 27. f6 Bb4
28. Rd1 dxe4 29. Rd8+ Bf8 30. fxg7 Kxg7 31. Nh5+ Kg6 32. Nf4+ Kf5 33. Rxf8 Kxf4
34. Rxf7+ Ke5 0-1

[Event "12. Longericher Sommer-Open A"]
[Site "Köln"]
[Date "2015.07.31"]
[Round "1.3"]
[White "Kniest, Oliver"]
[Black "Esser, Thomas"]
[Result "1-0"]
[WhiteElo "2252"]
[BlackElo "2008"]
[PlyCount "61"]
[EventDate "2015.??.??"]
[WhiteTeam "SG Solingen"]
[BlackTeam "PTSVAachen"]

1. d4 d5 2. c4 c6 3. Nf3 Nf6 4. Nbd2 Bf5 5. Nh4 Be6 6. e3 g6 7. Bd3 Bg7 8. O-O
O-O 9. Nhf3 Bg4 10. h3 Bxf3 11. Nxf3 c5 12. dxc5 Na6 13. cxd5 Qxd5 14. Bxa6
bxa6 15. Qxd5 Nxd5 16. Rd1 Rfd8 17. Rb1 Rac8 18. e4 Nf6 19. Bg5 Rxd1+ 20. Rxd1
Nxe4 21. Bxe7 Bf8 22. Bxf8 Kxf8 23. b4 Nc3 24. Rd2 a5 25. a3 axb4 26. axb4 Rb8
27. c6 Ke8 28. Ne5 a6 29. c7 Rc8 30. Nc6 Rxc7 31. Rd8# 1-0

[Event "12. Longericher Sommer-Open A"]
[Site "Köln"]
[Date "2015.07.31"]
[Round "1.4"]
[White "Lambertz, Michael"]
[Black "Mohaupt, Sascha"]
[Result "0-1"]
[WhiteElo "1999"]
[BlackElo "2193"]
[PlyCount "112"]
[EventDate "2015.??.??"]
[WhiteTeam "SF Esch"]
[BlackTeam "SV Wermelskirchen"]

1. e4 c5 2. c3 d5 3. exd5 Qxd5 4. d4 Nf6 5. Nf3 Bg4 6. Be2 e6 7. O-O cxd4 8.
Nxd4 Bxe2 9. Qxe2 a6 10. Be3 Nc6 11. Rd1 Be7 12. Nd2 O-O 13. N2f3 Rfd8 14. Bg5
Nxd4 15. Rxd4 Qf5 16. Rxd8+ Rxd8 17. Rd1 h6 18. Bxf6 Bxf6 19. h3 Rxd1+ 20. Qxd1
Qb5 21. Qd2 Qa4 22. b3 Qa5 23. c4 Qxd2 24. Nxd2 Bc3 25. Ne4 Bb4 26. Kf1 f5 27.
Ng3 Kf7 28. Ke2 g6 29. Nf1 Kf6 30. f4 e5 31. fxe5+ Kxe5 32. Ne3 Ke4 33. Nc2 Be7
34. b4 g5 35. a4 h5 36. a5 g4 37. hxg4 fxg4 38. b5 Bc5 39. Ne1 Kd4 40. Nd3 Kxc4
41. bxa6 bxa6 42. Nf4 h4 43. Ng6 h3 44. gxh3 gxh3 45. Kf3 Bd6 46. Nh4 Kb5 47.
Nf5 Bc7 48. Nd4+ Kxa5 49. Ne6 Kb6 50. Nd4 Be5 51. Nb3 Kb5 52. Nc1 Kc4 53. Ne2
a5 54. Nc1 a4 55. Kf2 a3 56. Kf3 Bb2 0-1

[Event "12. Longericher Sommer-Open A"]
[Site "Köln"]
[Date "2015.07.31"]
[Round "1.5"]
[White "Heinert, Eugen"]
[Black "Kossack, Philipp"]
[Result "1-0"]
[WhiteElo "2183"]
[BlackElo "1984"]
[PlyCount "41"]
[EventDate "2015.??.??"]
[WhiteTeam "OSC Rheinhausen"]
[BlackTeam "SG Porz"]

1. d4 c5 2. d5 e5 3. c4 d6 4. Nc3 f5 5. g3 Nf6 6. Bg2 e4 7. f3 exf3 8. Nxf3 g6
9. Ng5 Qe7 10. Qa4+ Bd7 11. Qb3 b6 12. Ne6 Na6 13. O-O Rc8 14. e4 Bxe6 15. dxe6
Nc7 16. exf5 gxf5 17. Qa4+ Kd8 18. Bg5 Bg7 19. Rxf5 Qxe6 20. Raf1 Rf8 21. Bh3
1-0

[Event "12. Longericher Sommer-Open A"]
[Site "Köln"]
[Date "2015.07.31"]
[Round "1.6"]
[White "Rokitta, Uwe"]
[Black "van der Valk, Niklas"]
[Result "0-1"]
[WhiteElo "1981"]
[BlackElo "2129"]
[PlyCount "90"]
[EventDate "2015.??.??"]
[WhiteTeam "SF Lohmar"]
[BlackTeam "Godesberger SK"]

1. Nf3 Nf6 2. c4 c5 3. g3 b6 4. Bg2 Bb7 5. Nc3 e6 6. O-O Be7 7. d3 O-O 8. a3 a6
9. Rb1 d6 10. b4 cxb4 11. axb4 Qc7 12. Bd2 Nbd7 13. Qb3 Rac8 14. Rfc1 Rfe8 15.
e4 Qb8 16. Bf4 Bd8 17. Re1 Ne5 18. Bxe5 dxe5 19. Nd1 Nd7 20. Ne3 Qd6 21. Red1
Bc7 22. Qc2 Red8 23. Qe2 Qe7 24. h4 Ba8 25. Bh3 a5 26. bxa5 bxa5 27. Nd2 Rb8
28. Bf1 Nc5 29. Rxb8 Rxb8 30. Rb1 Qe8 31. Qd1 Rd8 32. Nb3 Nxe4 33. Qc2 Nf6 34.
Ra1 a4 35. Nc1 Bc6 36. Ne2 Qd7 37. Nc3 Ra8 38. Ra2 Bb6 39. Ned1 a3 40. Qb3 Bc5
41. Qc2 Qd4 42. Qe2 Rb8 43. Bg2 Bxg2 44. Kxg2 Rd8 45. Rd2 e4 0-1

[Event "12. Longericher Sommer-Open A"]
[Site "Köln"]
[Date "2015.07.31"]
[Round "1.7"]
[White "Lenhardt, Manfred"]
[Black "Schwark, Mario"]
[Result "1-0"]
[WhiteElo "2102"]
[BlackElo "1958"]
[PlyCount "58"]
[EventDate "2015.??.??"]
[WhiteTeam "SC Weisse Dame (Berlin)"]
[BlackTeam "SG Kalker/Deutzer"]

1. d4 e6 2. g3 d5 3. Bg2 Nf6 4. Nf3 Nbd7 5. O-O c6 6. b3 Be7 7. Bb2 Ne4 8. c4
b6 9. Nc3 Nxc3 10. Bxc3 Ba6 11. Nd2 h5 12. e4 h4 13. Re1 hxg3 14. hxg3 Nf6 15.
e5 Nh5 16. b4 g6 17. cxd5 cxd5 18. Qa4+ Kf8 19. Qxa6 Bh4 20. Qd3 Bxg3 21. fxg3
Qg5 22. Nf1 Ng7 23. Bd2 Qh5 24. Qf3 Qh7 25. g4 Nf5 26. gxf5 gxf5 27. Rac1 Rg8
28. Bf4 Rg4 29. Ne3 Rh4 1-0

[Event "12. Longericher Sommer-Open A"]
[Site "Köln"]
[Date "2015.07.31"]
[Round "1.8"]
[White "Statz, Samuel"]
[Black "Tochtenhagen, Wolfgang"]
[Result "1/2-1/2"]
[WhiteElo "1957"]
[BlackElo "2091"]
[PlyCount "77"]
[EventDate "2015.??.??"]
[WhiteTeam "SV Erftstadt"]
[BlackTeam "DJK Aufwärts Aachen"]

1. e4 c5 2. c3 d6 3. d4 Nf6 4. Bd3 g6 5. Nf3 Bg7 6. O-O O-O 7. h3 Nc6 8. Be3
Nd7 9. Nbd2 e5 10. Nb3 cxd4 11. cxd4 exd4 12. Nfxd4 Nxd4 13. Bxd4 Bxd4 14. Nxd4
Nc5 15. b4 Ne6 16. Bc4 Nf4 17. Ne2 Be6 18. Bxe6 Nxe6 19. Nc3 Nf4 20. Nd5 Nxd5
21. Qxd5 Qb6 22. a3 Rfe8 23. Rfd1 Re6 24. Rac1 Rae8 25. Rc4 Re5 26. Qd3 d5 27.
exd5 Re1+ 28. Rxe1 Rxe1+ 29. Kh2 Qxf2 30. Qd4 Qxd4 31. Rxd4 Kf8 32. Rc4 Rd1 33.
Rc8+ Kg7 34. Rc7 Rxd5 35. Rxb7 a5 36. Rb8 Rd3 37. bxa5 Rxa3 38. Ra8 h5 39. a6
1/2-1/2

[Event "12. Longericher Sommer-Open A"]
[Site "Köln"]
[Date "2015.07.31"]
[Round "1.9"]
[White "Evers, Leo"]
[Black "Maczkowiak, Thomas"]
[Result "1-0"]
[WhiteElo "2085"]
[BlackElo "1942"]
[PlyCount "115"]
[EventDate "2015.??.??"]
[WhiteTeam "SG Porz"]
[BlackTeam "MS Halver-Schalksmühle"]

1. d4 Nf6 2. c4 g6 3. Nc3 d5 4. cxd5 Nxd5 5. Bd2 Bg7 6. e4 Nb6 7. Be3 O-O 8. h3
Nc6 9. Nf3 e5 10. d5 Ne7 11. Rc1 Bd7 12. a4 Nbc8 13. Be2 Nd6 14. O-O f5 15. Qb3
Kh8 16. Rfd1 f4 17. Bc5 Nec8 18. Nb5 Bxb5 19. axb5 Rf7 20. Qc2 Bf6 21. Nd2 h5
22. Nc4 Nxc4 23. Qxc4 Nd6 24. Bxd6 Qxd6 25. Qc5 Qxc5 26. Rxc5 Rd7 27. Rdc1 Rc8
28. Ra1 Be7 29. Rc4 Ra8 30. Rac1 Bd6 31. Ra4 a5 32. bxa6 bxa6 33. Rca1 Rdd8 34.
b3 Rdb8 35. Bc4 Rb6 36. Kf1 Kg7 37. Ke2 Kf6 38. Kf3 a5 39. Rxa5 Rxa5 40. Rxa5
Rb8 41. Ke2 g5 42. f3 h4 43. Kd3 Ke7 44. Ra4 Kd8 45. Kc3 Kc8 46. Ba6+ Kd7 47.
Kc4 Kd8 48. Bb5 Kc8 49. Ra7 Kd8 50. Ra4 Kc8 51. b4 Rb6 52. Ra8+ Kb7 53. Rg8 Be7
54. Bc6+ Rxc6+ 55. dxc6+ Kxc6 56. b5+ Kd6 57. Rg6+ Kd7 58. Kd5 1-0

[Event "12. Longericher Sommer-Open A"]
[Site "Köln"]
[Date "2015.07.31"]
[Round "1.10"]
[White "Suvorov, Alexander"]
[Black "Liedmann, Dennis"]
[Result "1-0"]
[WhiteElo "1940"]
[BlackElo "2085"]
[Annotator "Schlösser,Fritz"]
[PlyCount "77"]
[EventDate "2015.??.??"]
[WhiteTeam "SG Porz"]
[BlackTeam "SF Gerresheim"]

1. d4 g6 2. c4 d6 3. g3 c6 4. Bg2 Bg7 5. Nc3 Nd7 6. Nf3 Ngf6 7. O-O a5 8. e4
Qc7 9. h3 O-O 10. Be3 e5 11. Qc2 Re8 12. Rad1 Bf8 13. Rfe1 Nh5 14. Kh2 Ng7 15.
b3 Ne6 16. Re2 h5 17. d5 Nec5 18. Ne1 h4 19. Nd3 hxg3+ 20. fxg3 f5 21. Rf2 Nf6
22. Nxc5 dxc5 23. dxc6 bxc6 24. Na4 Qh7 25. Kg1 Nh5 26. Bxc5 Bxc5 27. Nxc5 Nxg3
28. exf5 Nxf5 29. Qe4 Nd4 30. Qe3 Bf5 31. Rdf1 Qe7 32. Nd3 a4 33. b4 Rad8 34.
Nc5 Kg7 35. a3 Qh4 36. Nb7 Rd7 37. Nc5 Rf7 38. Kh2 Qd8 39. Ne4 {
Notation nach Zug 30 zweifelhaft.} 1-0

[Event "12. Longericher Sommer-Open A"]
[Site "Köln"]
[Date "2015.07.31"]
[Round "1.11"]
[White "Gülsen, Taylan"]
[Black "Whitmire, James David"]
[Result "1-0"]
[WhiteElo "2056"]
[BlackElo "1940"]
[PlyCount "99"]
[EventDate "2015.??.??"]
[WhiteTeam "SG Niederkassel"]
[BlackTeam "PTSVAachen"]

1. Nf3 d5 2. c4 c6 3. b3 Nf6 4. Bb2 Bf5 5. g3 e6 6. Bg2 Be7 7. O-O O-O 8. d3
Nbd7 9. Nh4 Bg6 10. Nxg6 hxg6 11. e4 Qc7 12. cxd5 exd5 13. Nc3 dxe4 14. dxe4
Rad8 15. Qc2 Nc5 16. Rad1 Nfd7 17. f4 Ne6 18. Kh1 Nf6 19. h3 Nh5 20. Ne2 Qb6
21. e5 Qe3 22. Rf3 Rxd1+ 23. Qxd1 Qe4 24. Rd3 Qb4 25. a3 Qb6 26. Kh2 Rd8 27.
Rxd8+ Bxd8 28. Nd4 Be7 29. Nxe6 Qf2 30. Qd3 fxe6 31. Bd4 Nxf4 32. gxf4 Qxf4+
33. Kh1 Bxa3 34. Bxa7 Qxe5 35. Qxg6 Qe1+ 36. Bg1 Bc5 37. Qe8+ Bf8 38. Bf3 Qe5
39. Bf2 Qf5 40. Kg2 Qg5+ 41. Bg4 Qd5+ 42. Kg1 Qg5 43. Qxe6+ Kh8 44. Qf7 Be7 45.
Qh5+ Qxh5 46. Bxh5 b5 47. Be8 b4 48. Bxc6 Kh7 49. Kg2 Kg6 50. Be4+ 1-0

[Event "12. Longericher Sommer-Open A"]
[Site "Köln"]
[Date "2015.07.31"]
[Round "1.12"]
[White "Kuhn, Andreas"]
[Black "Lindam, Ingo"]
[Result "0-1"]
[WhiteElo "1938"]
[BlackElo "2053"]
[PlyCount "92"]
[EventDate "2015.??.??"]
[WhiteTeam "SG Niederkassel"]
[BlackTeam "Kölner SK Dr. Lasker"]

1. Nf3 Nf6 2. c4 g6 3. g3 Bg7 4. Bg2 d6 5. d4 O-O 6. Nc3 Nbd7 7. O-O e5 8. e4
exd4 9. Nxd4 Re8 10. h3 a6 11. Re1 Rb8 12. Rb1 Nc5 13. b3 Bd7 14. Bf4 Nh5 15.
Be3 Nf6 16. Qc2 Qc8 17. Kh2 Re5 18. f3 Rh5 19. h4 h6 20. Nd5 Nxd5 21. cxd5 g5
22. b4 Na4 23. Rec1 Be5 24. Nf5 Bxf5 25. exf5 Nc3 26. f4 gxf4 27. gxf4 Qd8 28.
fxe5 Qxh4+ 29. Kg1 Qh2+ 30. Kf1 Nxb1 31. Rxb1 Qxe5 32. Be4 Rh2 33. Bf2 Re8 34.
Re1 Qf4 35. f6 Rxe4 36. Rxe4 Rxf2+ 37. Qxf2 Qxe4 38. Qa7 Qb1+ 39. Kg2 Qxa2+ 40.
Kh3 Qb3+ 41. Kh2 Qc2+ 42. Kg3 Qc3+ 43. Kh2 Qe5+ 44. Kh3 Qxd5 45. Qb8+ Kh7 46.
Qxc7 Kg6 0-1

[Event "12. Longericher Sommer-Open A"]
[Site "Köln"]
[Date "2015.07.31"]
[Round "1.13"]
[White "Stier, Artem"]
[Black "Alexopoulos, Spiros Orestis"]
[Result "1-0"]
[WhiteElo "2052"]
[BlackElo "1929"]
[PlyCount "101"]
[EventDate "2015.??.??"]
[WhiteTeam "Godesberger SK"]
[BlackTeam "Aachener SV"]

1. d4 Nf6 2. Nf3 c5 3. e3 g6 4. c4 Bg7 5. Nc3 O-O 6. Be2 d6 7. d5 e5 8. e4 a6
9. O-O Ng4 10. h3 Nh6 11. Rb1 f5 12. Ng5 Qe7 13. b4 b6 14. bxc5 bxc5 15. Na4 f4
16. h4 Nd7 17. Ne6 Rf7 18. Nb6 Nxb6 19. Rxb6 Bf8 20. Ng5 Rf6 21. Bd2 Nf7 22.
Bg4 Qd8 23. Ba5 Qe8 24. Ne6 Ra7 25. Qb3 Bxe6 26. Bxe6 Rxe6 27. dxe6 Qxe6 28.
Rb1 Qg4 29. Qh3 Qxh3 30. gxh3 Nd8 31. f3 Ne6 32. Rb7 Rxb7 33. Rxb7 Nd4 34. Kg2
Nc2 35. Bd8 Ne3+ 36. Kf2 Nxc4 37. Ra7 a5 38. Bxa5 Nxa5 39. Rxa5 Be7 40. Ra8+
Kf7 41. a4 Ke6 42. h5 gxh5 43. a5 Bh4+ 44. Ke2 Kd7 45. Rb8 Kc7 46. Rh8 Kb7 47.
Rxh7+ Ka6 48. Rxh5 Bd8 49. Kd3 Bxa5 50. Kc4 Kb6 51. Rh7 1-0

[Event "12. Longericher Sommer-Open A"]
[Site "Köln"]
[Date "2015.07.31"]
[Round "1.14"]
[White "Modric, Vladimir"]
[Black "Speck, Stefan"]
[Result "1/2-1/2"]
[WhiteElo "1911"]
[BlackElo "2041"]
[PlyCount "29"]
[EventDate "2015.??.??"]
[WhiteTeam "SC Nied"]
[BlackTeam "SC Solingen 28"]

1. d4 c5 2. e3 e6 3. Bd3 b6 4. Nf3 Bb7 5. Nbd2 Qc7 6. O-O Be7 7. b3 Nc6 8. a3
Nf6 9. Bb2 O-O 10. Re1 d5 11. Ne5 Nxe5 12. dxe5 Ne4 13. Bxe4 dxe4 14. Qg4 Qc6
15. Nc4 1/2-1/2

[Event "12. Longericher Sommer-Open A"]
[Site "Köln"]
[Date "2015.07.31"]
[Round "1.15"]
[White "Andrijenko, Anatoliy"]
[Black "Meyer, Stefan"]
[Result "1-0"]
[WhiteElo "1902"]
[BlackElo "1782"]
[PlyCount "152"]
[EventDate "2015.??.??"]
[WhiteTeam "SF Köln-Longerich"]
[BlackTeam "SV Grevenbroich"]

1. e4 Nf6 2. Nc3 e5 3. Bc4 Nc6 4. d3 Bc5 5. Bg5 Ne7 6. Na4 Bb4+ 7. c3 Bd6 8. b4
Ng6 9. Ne2 h6 10. Be3 a6 11. Bb3 Be7 12. h3 d5 13. Ng3 d4 14. Bd2 dxc3 15. Bxc3
Nf4 16. O-O Bd6 17. Nb2 b5 18. a3 Be6 19. Rc1 O-O 20. Bxe6 Nxe6 21. Nf5 Nd7 22.
Bd2 Rc8 23. Qg4 Nf6 24. Nxh6+ Kh7 25. Qh4 gxh6 26. Bxh6 Kg6 27. Be3 Nf4 28.
Qg3+ Kh7 29. Qh4+ Kg6 30. Qg3+ Kh7 31. Qf3 Rg8 32. g3 Ne6 33. Qf5+ Rg6 34. h4
Ng7 35. Qh3 Qd7 36. Qxd7 Nxd7 37. d4 exd4 38. Bxd4 Be5 39. Rfd1 Ne6 40. Bxe5
Nxe5 41. Rc3 Rgg8 42. Rd5 f6 43. Kf1 Rgd8 44. f4 Ng4 45. Rxd8 Nxd8 46. Nd3 Ne3+
47. Ke2 Nc4 48. Nc5 Ra8 49. g4 a5 50. g5 axb4 51. axb4 fxg5 52. hxg5 Kg6 53.
Rd3 Ra2+ 54. Kf3 Ra3 55. Rxa3 Nxa3 56. Kg4 Kf7 57. f5 Nc6 58. g6+ Kg7 59. Kg5
Ne5 60. Ne6+ Kg8 61. f6 Nac4 62. Nxc7 Nd6 63. f7+ Ndxf7+ 64. gxf7+ Kxf7 65. Kf4
Nc4 66. Nxb5 Nb2 67. Ke3 Ke6 68. Kd4 Na4 69. Nc3 Nb6 70. Kc5 Nd7+ 71. Kc6 Ne5+
72. Kc7 Nc4 73. b5 Nd6 74. b6 Ne8+ 75. Kc8 Nd6+ 76. Kb8 Kd7 1-0

[Event "12. Longericher Sommer-Open A"]
[Site "Köln"]
[Date "2015.07.31"]
[Round "1.16"]
[White "Kemper, Horst"]
[Black "Hertling, Jürgen"]
[Result "1/2-1/2"]
[WhiteElo "1782"]
[BlackElo "1890"]
[PlyCount "118"]
[EventDate "2015.??.??"]
[WhiteTeam "SV Bayer Dormagen"]
[BlackTeam "SF Köln-Mülheim"]

1. e4 e5 2. Nf3 Nc6 3. Bc4 Bc5 4. O-O Nf6 5. Re1 O-O 6. c3 d6 7. d4 Bb6 8. h3
Qe7 9. Bg5 Nd8 10. d5 c6 11. Be3 Bxe3 12. Rxe3 Qc7 13. Nbd2 b5 14. Bb3 Nb7 15.
c4 a6 16. Rc1 Nc5 17. cxb5 axb5 18. a3 Bb7 19. Ba2 Qb6 20. dxc6 Bxc6 21. Qc2
Rac8 22. Nxe5 Bb7 23. Nef3 Ncxe4 24. Qd1 Rxc1 25. Qxc1 d5 26. Nxe4 Nxe4 27. Qe1
g6 28. Ne5 Qd4 29. Nd3 Rc8 30. Bb3 Rc6 31. Kh2 Nc5 32. Nxc5 Rxc5 33. Qe2 Bc6
34. Re7 Rc1 35. Qf3 f5 36. Qg3 Qf6 37. Qb8+ Qf8 38. Qxf8+ Kxf8 39. Rxh7 d4 40.
Rc7 d3 41. f3 d2 42. Rf7+ Ke8 43. Rf6 Ke7 44. Re6+ Kd7 45. Re2 d1=Q 46. Bxd1
Rxd1 47. Kg3 Rd4 48. Kf2 Rd3 49. f4 b4 50. axb4 Rb3 51. b5 Rxb5 52. g4 fxg4 53.
hxg4 Rb3 54. Re3 Rxb2+ 55. Kg3 Rb5 56. Kh4 Rb4 57. Kg5 Be4 58. f5 gxf5 59. gxf5
Bxf5 1/2-1/2

[Event "12. Longericher Sommer-Open A"]
[Site "Köln"]
[Date "2015.07.31"]
[Round "1.17"]
[White "Renner, Michael"]
[Black "Spindler, Florian"]
[Result "1-0"]
[WhiteElo "1885"]
[BlackElo "1771"]
[PlyCount "85"]
[EventDate "2015.??.??"]
[WhiteTeam "Fideler Bauer Leverkusen"]
[BlackTeam "SG Porz"]

1. Nf3 d5 2. c4 e6 3. b3 Nf6 4. Bb2 Be7 5. g3 O-O 6. Bg2 c5 7. e3 Nc6 8. O-O
Qc7 9. Nc3 Rd8 10. Qe2 b6 11. Nb5 Qb8 12. d3 a6 13. Na3 b5 14. Rab1 b4 15. Nc2
dxc4 16. bxc4 Bb7 17. d4 a5 18. Rfd1 Qc7 19. dxc5 Ne4 20. Nfd4 Nxc5 21. Qg4 g6
22. Qh3 Nxd4 23. Nxd4 Bxg2 24. Qxg2 Na4 25. Nc6 Rxd1+ 26. Rxd1 Ra6 27. Nxe7+
Qxe7 28. Bd4 Nc3 29. Rd2 Qc7 30. f4 Qxc4 31. Qb7 Rc6 32. Qb8+ Rc8 33. Qe5 f6
34. Qxf6 Rc7 35. Qh8+ Kf7 36. Qxh7+ Ke8 37. Qg8+ Ke7 38. Qg7+ Ke8 39. Qxg6+ Rf7
40. Qg8+ Rf8 41. Qg6+ Rf7 42. Qd3 Qc6 43. Bxc3 1-0

[Event "12. Longericher Sommer-Open A"]
[Site "Köln"]
[Date "2015.07.31"]
[Round "1.18"]
[White "Jörres, Till"]
[Black "Gelsok, Philipp"]
[Result "1-0"]
[WhiteElo "1767"]
[BlackElo "1871"]
[PlyCount "87"]
[EventDate "2015.??.??"]
[WhiteTeam "Aachener SV"]
[BlackTeam "Bergische SF"]

1. e4 c5 2. Nf3 d6 3. d4 cxd4 4. Nxd4 Nf6 5. Nc3 g6 6. Bc4 Bg7 7. f3 O-O 8. Be3
Nc6 9. Qd2 Bd7 10. O-O-O Rc8 11. Bb3 Ne5 12. g4 b5 13. h4 a5 14. g5 Nh5 15.
Ncxb5 Bxb5 16. Nxb5 a4 17. Bd5 e6 18. f4 Nf3 19. Qf2 exd5 20. Rxd5 Rb8 21. Qxf3
Qa5 22. Bd2 Bxb2+ 23. Kxb2 Rxb5+ 24. Rxb5 Qxb5+ 25. Ka1 Rb8 26. Bc3 Qc4 27. f5
Nf4 28. Rb1 Rxb1+ 29. Kxb1 Ne2 30. Bb2 gxf5 31. exf5 d5 32. f6 Nf4 33. Qc3 Qf1+
34. Bc1 h5 35. Qc8+ Kh7 36. Qf5+ Kg8 37. Qxf4 Qb5+ 38. Ka1 Qc6 39. Qd2 Qc4 40.
Qd3 Qb4 41. g6 Qxh4 42. gxf7+ Kxf7 43. Qxd5+ Kg6 44. Qg5+ 1-0

[Event "12. Longericher Sommer-Open A"]
[Site "Köln"]
[Date "2015.07.31"]
[Round "1.19"]
[White "Hajek, Florian"]
[Black "Thierkopf, Guido"]
[Result "1-0"]
[WhiteElo "1870"]
[BlackElo "1764"]
[PlyCount "61"]
[EventDate "2015.??.??"]
[WhiteTeam "Pulheimer SC"]
[BlackTeam "Brühler SK"]

1. e4 d5 2. exd5 Qxd5 3. Nc3 Qa5 4. d4 Nf6 5. Bd3 e6 6. Bd2 c6 7. Nf3 Bd6 8.
Ne4 Qd8 9. Nxd6+ Qxd6 10. a3 Nbd7 11. O-O b6 12. Re1 O-O 13. Bb4 Qc7 14. Bxf8
Kxf8 15. Qe2 Bb7 16. Ne5 h6 17. Nxd7+ Qxd7 18. c3 Rd8 19. Rad1 Nd5 20. Be4 Qe7
21. Qf3 Ba6 22. Bxd5 Rxd5 23. Re5 Rd6 24. Rde1 Bc4 25. R5e3 Kg8 26. Qg4 Bd5 27.
f4 f5 28. Qxf5 exf5 29. Rxe7 a5 30. Rb7 Be4 31. Rxb6 1-0

[Event "12. Longericher Sommer-Open A"]
[Site "Köln"]
[Date "2015.07.31"]
[Round "1.20"]
[White "Ringeltaube, Denny"]
[Black "Kemper, Michael"]
[Result "0-1"]
[WhiteElo "1733"]
[BlackElo "1858"]
[PlyCount "76"]
[EventDate "2015.??.??"]
[WhiteTeam "Klub Kölner SF"]
[BlackTeam "SV Bayer Dormagen"]

1. e4 c5 2. Nc3 e6 3. f4 a6 4. Nf3 Nc6 5. Be2 g6 6. O-O Bg7 7. a3 Nge7 8. Qe1
b5 9. d3 d5 10. Kh1 Bb7 11. Qh4 Qd7 12. Ng5 Nd4 13. Bd1 h6 14. Nf3 Nxf3 15.
Bxf3 O-O-O 16. exd5 exd5 17. Bg4 f5 18. Bf3 Rdf8 19. Bd2 g5 20. Qf2 Bd4 21. Qe1
g4 22. Bd1 Ng6 23. Ne2 Bxb2 24. Ra2 Bf6 25. c4 d4 26. cxb5 Qd5 27. Rf2 Qxa2 28.
bxa6 Bxa6 29. Bc1 Qd5 30. Qa5 Bb7 31. Bb3 Qc6 32. Ba4 Qd5 33. Qb6 Bh4 34. Ng3
Rf6 35. Qb5 Re6 36. Bd2 Rg8 37. Qb1 Bxg3 38. Bb3 Bxf2 0-1

[Event "12. Longericher Sommer-Open B"]
[Site "Köln"]
[Date "2015.08.02"]
[Round "5.4"]
[White "Plitt, Stefan"]
[Black "Beißel, Daniel"]
[Result "1-0"]
[WhiteElo "1655"]
[BlackElo "1513"]
[PlyCount "38"]
[EventDate "2015.??.??"]
[WhiteTeam "SV Grünfeld"]
[BlackTeam "SV Horrem"]

1. c4 Nf6 2. d4 e6 3. Nf3 d5 4. Nc3 c6 5. e3 Bd6 6. Bd3 O-O 7. Qc2 Nbd7 8. e4
dxe4 9. Nxe4 Bb4+ 10. Bd2 Bxd2+ 11. Nfxd2 Nxe4 12. Nxe4 Nf6 13. Nxf6+ Qxf6 14.
O-O g6 15. Be4 Qxd4 16. Rfd1 Qf6 17. Rd6 Qh4 18. Bf3 e5 19. g3 Qg5 1-0

[Event "12. Longericher Sommer-Open A"]
[Site "Köln"]
[Date "2015.07.31"]
[Round "1.22"]
[White "Runte, Dirk"]
[Black "Baltic, Fatih"]
[Result "0-1"]
[WhiteElo "1721"]
[BlackElo "1843"]
[PlyCount "68"]
[EventDate "2015.??.??"]
[WhiteTeam "Fideler Bauer Leverkusen"]
[BlackTeam "SG Porz"]

1. d4 Nf6 2. c4 c5 3. d5 b5 4. cxb5 a6 5. Nc3 axb5 6. Nxb5 Ba6 7. Nc3 g6 8. g3
Bg7 9. Bg2 d6 10. Qa4+ Nbd7 11. Qh4 Rb8 12. Qa4 Qc8 13. Qc6 O-O 14. Bh3 Qb7 15.
Qxb7 Rxb7 16. Nf3 Nb6 17. e4 Rfb8 18. Bf1 Bxf1 19. Kxf1 Nfd7 20. Nd2 Ne5 21.
Nb3 Nbc4 22. Ke2 Ra8 23. Rb1 Ng4 24. h3 Bxc3 25. hxg4 Nxb2 26. Bxb2 Rxa2 27.
Kd3 Bxb2 28. Nc1 Ra4 29. f3 Rd4+ 30. Kc2 Rc4+ 31. Kd3 Rcb4 32. Kc2 Bxc1 33.
Rbxc1 Rb2+ 34. Kd1 R7b3 0-1

[Event "12. Longericher Sommer-Open A"]
[Site "Köln"]
[Date "2015.07.31"]
[Round "1.23"]
[White "Liebsch, Felix"]
[Black "Schumacher, Markus"]
[Result "1-0"]
[WhiteElo "1841"]
[BlackElo "1719"]
[PlyCount "119"]
[EventDate "2015.??.??"]
[WhiteTeam "SC Bayer Leverkusen"]
[BlackTeam "Godesberger SK"]

1. e4 c5 2. Nf3 d6 3. Bb5+ Bd7 4. Bxd7+ Qxd7 5. O-O Nc6 6. c3 Nf6 7. Qe2 e6 8.
d4 cxd4 9. cxd4 d5 10. e5 Ne4 11. Nbd2 Nxd2 12. Bxd2 Be7 13. a3 O-O 14. b4 a6
15. Qd3 f6 16. exf6 Bxf6 17. Rfe1 Rae8 18. Bc3 Bd8 19. a4 Bc7 20. b5 axb5 21.
axb5 Nd8 22. Bb4 Rf5 23. Ne5 Bxe5 24. Rxe5 Rxe5 25. dxe5 Nf7 26. f4 Rc8 27. Rd1
Qc7 28. Qd4 Nh6 29. Bd6 Qc2 30. Ra1 Nf5 31. Qa7 Qd2 32. Bc5 Qb2 33. Bf2 Qxb5
34. Qa2 Qc6 35. g4 Ne7 36. Qa3 Qc7 37. Rd1 g6 38. Bh4 Qc2 39. Rf1 Nc6 40. f5
exf5 41. Qd6 Qe4 42. Qe6+ Kg7 43. Qxc8 Qxg4+ 44. Bg3 Nd4 45. Qxb7+ Kh6 46. Qxd5
Ne2+ 47. Kf2 f4 48. Qd2 Nxg3 49. hxg3 Qxg3+ 50. Ke2 Qg2+ 51. Ke1 Qe4+ 52. Qe2
Qb4+ 53. Kf2 Qd4+ 54. Kf3 Qc3+ 55. Kxf4 g5+ 56. Kf5 Qc8+ 57. e6 Qc5+ 58. Qe5
Qc2+ 59. Kf6 Qg6+ 60. Ke7 1-0

[Event "12. Longericher Sommer-Open A"]
[Site "Köln"]
[Date "2015.07.31"]
[Round "1.25"]
[White "Gnass, Arno"]
[Black "Karwatzki, Hans-Jürgen"]
[Result "0-1"]
[WhiteElo "1798"]
[BlackElo "1689"]
[PlyCount "130"]
[EventDate "2015.??.??"]
[WhiteTeam "Bergische SF"]
[BlackTeam "SF Stadtverwaltung Bonn"]

1. d4 Nf6 2. Nf3 d5 3. e3 e6 4. Bd3 c5 5. b3 Nc6 6. Bb2 Bd6 7. Nbd2 O-O 8. O-O
b6 9. e4 dxe4 10. Nxe4 Nxe4 11. Bxe4 Qc7 12. Bxh7+ Kxh7 13. Ng5+ Kg6 14. Qg4
Bxh2+ 15. Kh1 Qf4 16. Qe2 Qxg5 17. Kxh2 Rh8+ 18. Kg1 e5 19. Qe4+ Bf5 20. Qxc6+
f6 21. dxe5 Rac8 22. Qf3 Rh4 23. Qe3 Qh5 24. f4 Bxc2 25. Qf3 Qf5 26. Rae1 Rd8
27. e6 Re8 28. e7 Qg4 29. Qxg4+ Rxg4 30. Rf2 Bf5 31. Bc1 Kf7 32. Rfe2 Rg3 33.
Kf2 Rd3 34. g3 Rd7 35. Kf3 Rdxe7 36. Rxe7+ Rxe7 37. Rxe7+ Kxe7 38. g4 Bb1 39.
a3 Kd6 40. Ke3 Kd5 41. Bd2 Bc2 42. b4 Kc4 43. bxc5 bxc5 44. g5 fxg5 45. fxg5 g6
46. Bc1 a5 47. Kd2 Bf5 48. Bb2 Kb3 49. Bc3 a4 50. Ba5 Be4 51. Bb6 c4 52. Bc5
Kb2 53. Bb4 Bf5 54. Ba5 Bd3 55. Bb4 Bf1 56. Ke1 c3 57. Kxf1 c2 58. Bd2 c1=Q+
59. Bxc1+ Kxc1 60. Ke2 Kb2 61. Kd2 Kxa3 62. Kc3 Ka2 63. Kc2 a3 64. Kc1 Kb3 65.
Kb1 Kc4 0-1